| 000 | 00500nam a2200169 4500 | ||
|---|---|---|---|
| 001 | 109505 | ||
| 003 | ES-MaACL | ||
| 005 | 20230906184844.0 | ||
| 007 | t| | ||
| 008 | 061121s1944 sp r ||||1| spa d | ||
| 100 | 1 |
_aMullen, Pat. _984112 |
|
| 245 | 1 | 0 |
_aHombres de Arán / _cPat Mullen; traducción del original inglés por F. López Buesa. |
| 260 |
_aValencia : _bHorizontes, _c1944. |
||
| 300 |
_a300 p. ; _c22 cm. |
||
| 700 | 1 |
_aLópez Buesa, F. _973471 |
|
| 852 |
_aES-MaACL _jB-10467 _bR.21942 |
||
| 999 |
_c109505 _d109505 |
||